| 000 | 00603nam a2200205Ia 4500 | ||
|---|---|---|---|
| 003 | GCL | ||
| 008 | 140319s9999 xx 000 0 ara d | ||
| 040 |
_aGCL / _cGCL |
||
| 082 | 0 | 4 |
_a811.008 _bم ا |
| 100 | 1 | _aابى فراس | |
| 245 | 1 | 0 |
_aمختارات من ابى فراس / _cابى فراس |
| 700 | 1 | _aمكتبة صادر | |
| 300 | _a96 ص | ||
| 490 |
_aمناهل الادب العربى _v0 |
||
| 650 | 0 | 4 | _aالشعر العربى |
| 650 | 0 | 4 | _aالادب العربى |
| 650 | 0 | 4 | _aدواوين وقصائد |
| 650 | 0 | 4 | _aالشعر العربى - ابى فراس |
| 942 |
_2ddc _cBK |
||
| 999 |
_c38458 _d38458 |
||